000 00423nam a2200145Ia 4500
008 211118s9999||||xx |||||||||||||| ||und||
082 _a371.26
_bLAL-U
100 _aLal,
245 0 _aUpkar`s CAT Common Admission Test
260 _bUpkar Prakashan
_aAgra
_c1998
300 _a88p.
630 _xReference Reading Room
650 _asocial science
_vschools and their activities;special educationGeneralia
942 _cBOOK
999 _c97908
_d97908